Statistiques concernant Les pays finissant par O

Cliquez ici pour prendre le quiz!

Statistiques générales

  • Ce quiz a été pris 1 173 fois
  • Le résultat moyen est 6 sur 8

Statistiques - réponses

ContinentPays% Correct
AfriqueCongo
85%
AfriqueRD Congo
85%
AfriqueTogo
80%
EuropeKosovo
79%
EuropeMonaco
78%
AfriqueLesotho
75%
EuropeMonténégro
73%
AfriqueBurkina Faso
57%

Distribution des résultats

Percentile par nombre de réponses

% des personnes avec chaque résultat

Votre développement - résultats

Vous n’avez pas pris ce quiz